[Event "Greek Team Championship"]
[Site "chess24.com"]
[Date "2017.07.03"]
[Round "1"]
[White "Diamanteas, Petros"]
[Black "Poulopoulos, Ioannis"]
[Result "0-1"]
[Board "4"]
[WhiteElo "1924"]
[WhiteCountry "GRE"]
[WhiteFideId "4236602"]
[WhiteEloChange "-3"]
[BlackElo "2252"]
[BlackCountry "GRE"]
[BlackFideId "4218078"]
[BlackEloChange "3"]

1. Nf3 {[%clk 1:30:55]} Nf6 {[%clk 1:30:46]} 2. d4 {[%clk 1:31:16]} e6 {[%clk
1:30:57]} 3. Bf4 {[%clk 1:31:13]} c5 {[%clk 1:31:08]} 4. c3 {[%clk 1:31:07]} b6
{[%clk 1:30:42]} 5. e3 {[%clk 1:31:17]} Bb7 {[%clk 1:30:44]} 6. Nbd2 {[%clk
1:31:03]} cxd4 {[%clk 1:30:21]} 7. cxd4 {[%clk 1:31:07]} Be7 {[%clk 1:21:32]} 8.
Be2 {[%clk 1:28:42]} Nh5 {[%clk 1:18:46]} 9. Bg3 {[%clk 1:28:09]} O-O {[%clk
1:15:39]} 10. O-O {[%clk 1:28:28]} Nxg3 {[%clk 1:14:20]} 11. hxg3 {[%clk
1:28:57]} d6 {[%clk 1:04:43]} 12. Rc1 {[%clk 1:27:54]} Nd7 {[%clk 1:03:46]} 13.
Ne1 {[%clk 1:24:24]} Nf6 {[%clk 0:55:57]} 14. Bf3 {[%clk 1:24:27]} d5 {[%clk
0:55:38]} 15. Qa4 {[%clk 1:18:49]} a6 {[%clk 0:49:09]} 16. Be2 {[%clk 1:10:43]}
Ne4 {[%clk 0:43:11]} 17. Nb1 {[%clk 1:05:33]} Bd6 {[%clk 0:40:48]} 18. Nf3 {[%clk
1:03:35]} b5 {[%clk 0:36:55]} 19. Qb3 {[%clk 0:59:59]} Qf6 {[%clk 0:33:10]} 20.
a4 {[%clk 0:53:54]} b4 {[%clk 0:33:08]} 21. Nbd2 {[%clk 0:53:36]} Nxd2 {[%clk
0:30:38]} 22. Nxd2 {[%clk 0:54:02]} Rac8 {[%clk 0:30:52]} 23. f4 {[%clk 0:45:32]}
Qe7 {[%clk 0:29:24]} 24. Nf3 {[%clk 0:45:32]} f6 {[%clk 0:28:43]} 25. Nd2 {[%clk
0:37:28]} Kh8 {[%clk 0:27:00]} 26. Bf3 {[%clk 0:37:50]} Rcd8 {[%clk 0:23:05]} 27.
Rfd1 {[%clk 0:23:24]} e5 {[%clk 0:18:29]} 28. dxe5 {[%clk 0:23:24]} fxe5 {[%clk
0:18:01]} 29. fxe5 {[%clk 0:14:02]} Bxe5 {[%clk 0:17:17]} 30. Nf1 {[%clk
0:14:24]} d4 {[%clk 0:15:57]} 31. Bxb7 {[%clk 0:05:19]} Qxb7 {[%clk 0:16:21]} 32.
Rc4 {[%clk 0:04:50]} Qf7 {[%clk 0:08:14]} 33. Rxb4 {[%clk 0:01:23]} Qf2+ {[%clk
0:05:50]} 34. Kh1 {[%clk 0:01:51]} dxe3 {[%clk 0:04:08]} 0-1

[Event "Greek Team Championship"]
[Site "chess24.com"]
[Date "2017.07.03"]
[Round "1"]
[White "Lubbe, Melanie"]
[Black "Makropoulou, Marina"]
[Result "1/2-1/2"]
[Board "5"]
[WhiteElo "2278"]
[WhiteTitle "WGM"]
[WhiteCountry "GER"]
[WhiteFideId "4690745"]
[WhiteEloChange "-4"]
[BlackElo "2136"]
[BlackTitle "WGM"]
[BlackCountry "GRE"]
[BlackFideId "4200187"]
[BlackEloChange "4"]

1. e4 {[%clk 1:30:56]} c5 {[%clk 1:30:54]} 2. Nf3 {[%clk 1:31:15]} e6 {[%clk
1:31:12]} 3. d4 {[%clk 1:31:40]} cxd4 {[%clk 1:31:34]} 4. Nxd4 {[%clk 1:32:07]}
Nc6 {[%clk 1:31:46]} 5. Nc3 {[%clk 1:31:47]} Qc7 {[%clk 1:31:39]} 6. Be3 {[%clk
1:31:35]} a6 {[%clk 1:31:45]} 7. Bd3 {[%clk 1:31:26]} Nf6 {[%clk 1:31:05]} 8. O-O
{[%clk 1:31:14]} Nxd4 {[%clk 1:31:17]} 9. Bxd4 {[%clk 1:31:39]} Bc5 {[%clk
1:31:41]} 10. Bxc5 {[%clk 1:31:41]} Qxc5 {[%clk 1:32:06]} 11. Qd2 {[%clk
1:30:34]} d6 {[%clk 1:31:20]} 12. Kh1 {[%clk 1:28:46]} Bd7 {[%clk 1:30:32]} 13.
Rae1 {[%clk 1:26:51]} Bc6 {[%clk 1:27:50]} 14. f4 {[%clk 1:22:39]} O-O-O {[%clk
1:25:26]} 15. a3 {[%clk 1:17:46]} d5 {[%clk 1:22:50]} 16. exd5 {[%clk 1:06:57]}
Nxd5 {[%clk 1:21:28]} 17. Ne4 {[%clk 1:03:59]} Qd4 {[%clk 1:21:28]} 18. b4 {[%clk
0:54:39]} h6 {[%clk 1:06:43]} 19. Nc5 {[%clk 0:48:41]} g5 {[%clk 1:02:11]} 20.
Nb3 {[%clk 0:33:31]} Qg7 {[%clk 0:52:17]} 21. Na5 {[%clk 0:32:46]} Nxf4 {[%clk
0:44:50]} 22. Nxc6 {[%clk 0:33:04]} bxc6 {[%clk 0:44:58]} 23. Bxa6+ {[%clk
0:32:30]} Kc7 {[%clk 0:44:48]} 24. Qf2 {[%clk 0:29:02]} Qd4 {[%clk 0:42:32]} 25.
g3 {[%clk 0:22:14]} Qd5+ {[%clk 0:32:11]} 26. Qf3 {[%clk 0:22:39]} Kb6 {[%clk
0:29:16]} 27. Qxd5 {[%clk 0:20:29]} exd5 {[%clk 0:17:51]} 28. gxf4 {[%clk
0:17:42]} Kxa6 {[%clk 0:18:21]} 29. Re7 {[%clk 0:11:21]} Kb5 {[%clk 0:09:15]} 30.
Rxf7 {[%clk 0:10:07]} Rhf8 {[%clk 0:02:22]} 31. Rxf8 {[%clk 0:06:25]} Rxf8 {[%clk
0:02:51]} 32. f5 {[%clk 0:06:49]} Ka4 {[%clk 0:03:10]} 33. Rf3 {[%clk 0:05:43]}
g4 {[%clk 0:03:36]} 34. Rf4 {[%clk 0:03:48]} Kxa3 {[%clk 0:03:55]} 35. Kg2 {[%clk
0:04:09]} d4 {[%clk 0:01:37]} 36. Kg3 {[%clk 0:02:10]} h5 {[%clk 0:01:30]} 37.
Kh4 {[%clk 0:02:11]} Kxb4 {[%clk 0:01:49]} 38. Rxd4+ {[%clk 0:02:09]} Kc3 {[%clk
0:01:48]} 39. Rf4 {[%clk 0:02:21]} Kxc2 {[%clk 0:01:37]} 40. Kxh5 {[%clk
0:31:54]} Kd3 {[%clk 0:31:33]} 41. Kg6 {[%clk 0:16:01]} Rh8 {[%clk 0:28:08]} 42.
Rf2 {[%clk 0:07:16]} g3 {[%clk 0:14:14]} 43. Rf3+ {[%clk 0:04:16]} Ke4 {[%clk
0:13:58]} 44. Rxg3 {[%clk 0:04:40]} Rxh2 {[%clk 0:07:46]} 45. f6 {[%clk 0:05:05]}
c5 {[%clk 0:05:56]} 46. f7 {[%clk 0:04:01]} Rf2 {[%clk 0:05:38]} 47. Rg4+ {[%clk
0:04:21]} Kd3 {[%clk 0:04:55]} 48. Rg5 {[%clk 0:04:39]} Rxf7 {[%clk 0:01:14]} 49.
Kxf7 {[%clk 0:05:04]} c4 {[%clk 0:01:44]} 50. Ke6 {[%clk 0:03:19]} c3 {[%clk
0:02:12]} 51. Kd5 {[%clk 0:03:16]} c2 {[%clk 0:02:41]} 52. Rg1 {[%clk 0:03:34]}
Kd2 {[%clk 0:02:58]} 53. Kc4 {[%clk 0:03:57]} c1Q+ {[%clk 0:03:19]} 54. Rxc1
{[%clk 0:04:23]} Kxc1 {[%clk 0:03:46]} 1/2-1/2

[Event "Greek Team Championship"]
[Site "chess24.com"]
[Date "2017.07.03"]
[Round "1"]
[White "Fragou, Maria V."]
[Black "Kratimenou, Georgia"]
[Result "0-1"]
[Board "6"]
[WhiteElo "1395"]
[WhiteCountry "GRE"]
[WhiteFideId "4277988"]
[WhiteEloChange "-15"]
[BlackElo "1203"]
[BlackCountry "GRE"]
[BlackFideId "25821717"]
[BlackEloChange "15"]

1. e4 {[%clk 1:30:56]} c5 {[%clk 1:30:51]} 2. Nf3 {[%clk 1:31:21]} d6 {[%clk
1:31:06]} 3. d4 {[%clk 1:31:45]} cxd4 {[%clk 1:31:25]} 4. Nxd4 {[%clk 1:32:06]}
Nf6 {[%clk 1:31:48]} 5. Nc3 {[%clk 1:32:21]} g6 {[%clk 1:32:00]} 6. Be2 {[%clk
1:32:33]} Bg7 {[%clk 1:31:58]} 7. Nb3 {[%clk 1:32:43]} O-O {[%clk 1:29:41]} 8.
O-O {[%clk 1:32:11]} Nc6 {[%clk 1:23:09]} 9. Bg5 {[%clk 1:29:36]} Bd7 {[%clk
1:10:26]} 10. Kh1 {[%clk 1:28:12]} h6 {[%clk 1:06:06]} 11. Be3 {[%clk 1:27:13]}
Qc7 {[%clk 1:04:11]} 12. Qd2 {[%clk 1:26:26]} Kh7 {[%clk 1:03:04]} 13. f4 {[%clk
1:23:12]} Bg4 {[%clk 0:52:28]} 14. Rad1 {[%clk 1:09:29]} Qc8 {[%clk 0:48:58]} 15.
Bxg4 {[%clk 0:57:54]} Nxg4 {[%clk 0:47:18]} 16. Bg1 {[%clk 0:56:47]} f5 {[%clk
0:35:15]} 17. exf5 {[%clk 0:48:59]} Qxf5 {[%clk 0:27:01]} 18. Qe2 {[%clk
0:43:06]} Qh5 {[%clk 0:18:04]} 19. h3 {[%clk 0:41:12]} Nf6 {[%clk 0:17:38]} 20.
Nd4 {[%clk 0:38:24]} Nxd4 {[%clk 0:14:58]} 21. Bxd4 {[%clk 0:32:24]} Qxe2 {[%clk
0:14:54]} 22. Nxe2 {[%clk 0:32:07]} Rf7 {[%clk 0:13:55]} 23. c3 {[%clk 0:28:47]}
Raf8 {[%clk 0:13:52]} 24. g3 {[%clk 0:26:44]} Ne4 {[%clk 0:12:57]} 25. Bxg7
{[%clk 0:24:49]} Kxg7 {[%clk 0:13:19]} 26. Kg2 {[%clk 0:25:02]} Rc8 {[%clk
0:09:57]} 27. Rd4 {[%clk 0:22:59]} Nf6 {[%clk 0:09:59]} 28. Rb4 {[%clk 0:22:56]}
Nd5 {[%clk 0:09:40]} 29. Re4 {[%clk 0:22:07]} Rc4 {[%clk 0:05:55]} 30. Nd4 {[%clk
0:21:15]} Kg8 {[%clk 0:05:31]} 31. Rfe1 {[%clk 0:19:46]} Ra4 {[%clk 0:03:41]} 32.
a3 {[%clk 0:19:03]} Rc4 {[%clk 0:02:25]} 33. Re6 {[%clk 0:18:25]} Kg7 {[%clk
0:02:21]} 34. R1e4 {[%clk 0:18:37]} Rf6 {[%clk 0:02:01]} 35. Rxf6 {[%clk
0:18:03]} Kxf6 {[%clk 0:02:20]} 36. Kf3 {[%clk 0:17:45]} a6 {[%clk 0:00:57]} 37.
Re6+ {[%clk 0:16:59]} Kf7 {[%clk 0:01:23]} 38. Ke2 {[%clk 0:16:35]} Rxd4 {[%clk
0:01:37]} 39. Rxe7+ {[%clk 5:32:20]} Kxe7 {[%clk 0:01:59]} 40. cxd4 {[%clk
0:46:22]} Kf6 {[%clk 0:31:59]} 41. Kf3 {[%clk 0:46:28]} Nb6 {[%clk 0:32:05]} 42.
b3 {[%clk 0:46:21]} Nd5 {[%clk 0:30:28]} 43. Ke4 {[%clk 0:46:13]} Ke6 {[%clk
0:29:26]} 44. g4 {[%clk 0:44:49]} Nf6+ {[%clk 0:28:59]} 45. Kd3 {[%clk 0:44:50]}
Kd5 {[%clk 0:28:59]} 46. Ke3 {[%clk 0:44:07]} Ne4 {[%clk 0:28:36]} 47. a4 {[%clk
0:43:23]} Nc3 {[%clk 0:28:36]} 48. Kd3 {[%clk 0:38:43]} Nd1 {[%clk 0:27:40]} 49.
f5 {[%clk 0:36:37]} gxf5 {[%clk 0:27:31]} 50. gxf5 {[%clk 0:36:52]} Nf2+ {[%clk
0:27:27]} 0-1

[Event "Greek Team Championship"]
[Site "chess24.com"]
[Date "2017.07.03"]
[Round "1"]
[White "Kratimenou, Maria"]
[Black "Louka, Marianthi"]
[Result "1/2-1/2"]
[Board "7"]
[WhiteElo "1280"]
[WhiteCountry "GRE"]
[WhiteFideId "25821725"]
[WhiteEloChange "5"]
[BlackElo "1490"]
[BlackCountry "GRE"]
[BlackFideId "4285026"]
[BlackEloChange "-5"]

1. e4 {[%clk 1:30:57]} c5 {[%clk 1:30:54]} 2. Nc3 {[%clk 1:31:20]} Nc6 {[%clk
1:31:09]} 3. g3 {[%clk 1:31:42]} g6 {[%clk 1:30:57]} 4. Bg2 {[%clk 1:32:04]} Bg7
{[%clk 1:31:19]} 5. d3 {[%clk 1:32:25]} Nf6 {[%clk 1:30:56]} 6. Nge2 {[%clk
1:32:39]} O-O {[%clk 1:30:46]} 7. O-O {[%clk 1:32:52]} d6 {[%clk 1:25:19]} 8. h3
{[%clk 1:32:37]} Rb8 {[%clk 1:17:49]} 9. f4 {[%clk 1:32:07]} Nd4 {[%clk 1:02:24]}
10. g4 {[%clk 1:27:05]} e6 {[%clk 0:56:59]} 11. Ng3 {[%clk 1:27:05]} b5 {[%clk
0:51:47]} 12. Nce2 {[%clk 1:23:11]} Bb7 {[%clk 0:50:10]} 13. c3 {[%clk 1:22:50]}
Nxe2+ {[%clk 0:50:12]} 14. Qxe2 {[%clk 1:23:04]} Nd7 {[%clk 0:48:32]} 15. f5
{[%clk 1:22:17]} Qh4 {[%clk 0:44:18]} 16. Qf2 {[%clk 1:13:38]} exf5 {[%clk
0:41:24]} 17. exf5 {[%clk 1:13:07]} Bxg2 {[%clk 0:41:38]} 18. Qxg2 {[%clk
1:13:19]} Ne5 {[%clk 0:36:25]} 19. Bf4 {[%clk 1:10:47]} Qd8 {[%clk 0:36:25]} 20.
Ne4 {[%clk 1:09:17]} Rb6 {[%clk 0:21:28]} 21. Qg3 {[%clk 1:06:42]} b4 {[%clk
0:20:27]} 22. d4 {[%clk 1:03:38]} cxd4 {[%clk 0:20:13]} 23. cxd4 {[%clk 1:01:33]}
Nc4 {[%clk 0:19:10]} 24. Qf2 {[%clk 0:55:02]} b3 {[%clk 0:17:21]} 25. a3 {[%clk
0:54:31]} d5 {[%clk 0:17:27]} 26. Rac1 {[%clk 0:44:53]} Kh8 {[%clk 0:10:46]} 27.
f6 {[%clk 0:43:53]} Bxf6 {[%clk 0:10:04]} 28. Nxf6 {[%clk 0:43:35]} Rxf6 {[%clk
0:10:21]} 29. Be5 {[%clk 0:43:39]} Nxe5 {[%clk 0:10:04]} 30. Qxf6+ {[%clk
0:43:57]} Qxf6 {[%clk 0:10:31]} 31. Rxf6 {[%clk 0:44:08]} Nc4 {[%clk 0:10:00]}
32. Rcf1 {[%clk 0:40:39]} Kg8 {[%clk 0:09:11]} 33. R1f3 {[%clk 0:35:52]} 1/2-1/2

[Event "Greek Team Championship"]
[Site "chess24.com"]
[Date "2017.07.03"]
[Round "1"]
[White "Vlahakis, Nikos"]
[Black "Danis, Hrisovalantis"]
[Result "0-1"]
[Board "8"]
[WhiteElo "1563"]
[WhiteCountry "GRE"]
[WhiteFideId "4228367"]
[WhiteEloChange "-2"]
[BlackElo "2029"]
[BlackCountry "GRE"]
[BlackFideId "4276078"]
[BlackEloChange "2"]

1. d4 {[%clk 1:30:30]} Nf6 {[%clk 1:30:55]} 2. Nf3 {[%clk 1:31:18]} g6 {[%clk
1:31:19]} 3. Bf4 {[%clk 1:31:23]} Bg7 {[%clk 1:31:37]} 4. e3 {[%clk 1:31:41]} d6
{[%clk 1:31:58]} 5. Be2 {[%clk 1:31:44]} O-O {[%clk 1:32:20]} 6. h3 {[%clk
1:31:35]} Nbd7 {[%clk 1:29:12]} 7. Nbd2 {[%clk 1:28:54]} b6 {[%clk 1:29:16]} 8.
O-O {[%clk 1:27:51]} Bb7 {[%clk 1:29:35]} 9. c3 {[%clk 1:22:16]} Ne4 {[%clk
1:23:18]} 10. Nxe4 {[%clk 1:20:34]} Bxe4 {[%clk 1:23:39]} 11. Nd2 {[%clk
1:20:05]} Bb7 {[%clk 1:23:59]} 12. e4 {[%clk 1:16:31]} e5 {[%clk 1:20:08]} 13.
Be3 {[%clk 1:16:31]} Qe7 {[%clk 1:20:08]} 14. f3 {[%clk 1:11:12]} Kh8 {[%clk
1:13:51]} 15. d5 {[%clk 1:06:27]} f5 {[%clk 1:12:44]} 16. a4 {[%clk 1:01:56]} f4
{[%clk 1:12:50]} 17. Bf2 {[%clk 1:02:03]} g5 {[%clk 1:11:47]} 18. Kh2 {[%clk
0:57:59]} Bc8 {[%clk 0:55:12]} 19. a5 {[%clk 0:56:48]} Nf6 {[%clk 0:43:09]} 20.
axb6 {[%clk 0:56:10]} cxb6 {[%clk 0:43:24]} 21. Bb5 {[%clk 0:37:50]} Rb8 {[%clk
0:36:59]} 22. Qa4 {[%clk 0:35:19]} h5 {[%clk 0:32:47]} 23. Rh1 {[%clk 0:25:23]}
Rf7 {[%clk 0:27:40]} 24. b4 {[%clk 0:19:52]} Bf8 {[%clk 0:26:42]} 25. Bc6 {[%clk
0:17:21]} Kg8 {[%clk 0:21:28]} 26. b5 {[%clk 0:17:21]} Rg7 {[%clk 0:17:08]} 27.
Kg1 {[%clk 0:14:01]} Qf7 {[%clk 0:14:40]} 28. Kf1 {[%clk 0:10:25]} g4 {[%clk
0:14:42]} 29. hxg4 {[%clk 0:10:18]} hxg4 {[%clk 0:14:45]} 30. Ke2 {[%clk
0:10:18]} Nh5 {[%clk 0:14:45]} 31. Raf1 {[%clk 0:04:06]} gxf3+ {[%clk 0:10:47]}
32. gxf3 {[%clk 0:03:41]} Ng3+ {[%clk 0:11:08]} 33. Bxg3 {[%clk 0:03:57]} fxg3
{[%clk 0:11:27]} 34. Rfg1 {[%clk 0:02:18]} Qf4 {[%clk 0:11:27]} 35. Rg2 {[%clk
0:02:18]} Be7 {[%clk 0:06:13]} 36. Nf1 {[%clk 0:01:25]} Bh4 {[%clk 0:04:10]} 37.
Qa3 {[%clk 0:01:25]} Bg4 {[%clk 0:03:27]} 38. c4 {[%clk 0:01:18]} Rf8 {[%clk
0:03:24]} 39. Nd2 {[%clk 0:01:08]} Bg5 {[%clk 0:03:19]} 40. Qd3 {[%clk 0:31:11]}
Qxd2+ {[%clk 0:32:25]} 0-1

[Event "Greek Team Championship"]
[Site "chess24.com"]
[Date "2017.07.03"]
[Round "1"]
[White "Giatrakos, Orestis"]
[Black "Beliotis, Georgios"]
[Result "0-1"]
[Board "9"]
[WhiteElo "1889"]
[WhiteCountry "GRE"]
[WhiteFideId "4266897"]
[WhiteEloChange "-4"]
[BlackElo "2107"]
[BlackCountry "GRE"]
[BlackFideId "4231945"]
[BlackEloChange "4"]

1. e4 {[%clk 1:30:56]} e5 {[%clk 1:30:53]} 2. Nf3 {[%clk 1:31:09]} Nc6 {[%clk
1:31:17]} 3. Bb5 {[%clk 1:31:15]} Nge7 {[%clk 1:31:34]} 4. Nc3 {[%clk 1:30:44]}
g6 {[%clk 1:30:40]} 5. d4 {[%clk 1:28:43]} exd4 {[%clk 1:19:42]} 6. Nd5 {[%clk
1:29:03]} Nxd5 {[%clk 1:09:36]} 7. exd5 {[%clk 1:28:22]} Qe7+ {[%clk 1:03:47]} 8.
Be2 {[%clk 1:16:47]} Ne5 {[%clk 0:59:35]} 9. O-O {[%clk 1:15:18]} Bg7 {[%clk
0:59:33]} 10. Nxd4 {[%clk 1:10:12]} d6 {[%clk 0:54:46]} 11. Bb5+ {[%clk 0:58:57]}
c6 {[%clk 0:51:01]} 12. dxc6 {[%clk 0:57:48]} O-O {[%clk 0:50:56]} 13. Bf4 {[%clk
0:54:29]} Qc7 {[%clk 0:43:36]} 14. c3 {[%clk 0:49:19]} bxc6 {[%clk 0:35:23]} 15.
Be2 {[%clk 0:37:09]} Rb8 {[%clk 0:34:47]} 16. Qd2 {[%clk 0:35:39]} Rd8 {[%clk
0:33:38]} 17. Bg5 {[%clk 0:32:02]} Re8 {[%clk 0:31:42]} 18. f4 {[%clk 0:22:24]}
Qb6 {[%clk 0:27:14]} 19. Kh1 {[%clk 0:17:24]} Nd7 {[%clk 0:25:38]} 20. Nb3 {[%clk
0:15:21]} Nc5 {[%clk 0:25:01]} 21. Nxc5 {[%clk 0:10:28]} Qxc5 {[%clk 0:25:09]}
22. Bd3 {[%clk 0:09:11]} Qe3 {[%clk 0:19:25]} 23. Qxe3 {[%clk 0:03:58]} Rxe3
{[%clk 0:19:45]} 24. Rfe1 {[%clk 0:04:07]} Rxe1+ {[%clk 0:09:59]} 25. Rxe1 {[%clk
0:04:36]} Be6 {[%clk 0:10:14]} 26. Re2 {[%clk 0:04:43]} Bxa2 {[%clk 0:09:41]} 27.
Be7 {[%clk 0:05:05]} Be6 {[%clk 0:06:18]} 28. h3 {[%clk 0:04:28]} Bh6 {[%clk
0:05:58]} 29. g3 {[%clk 0:03:39]} Re8 {[%clk 0:04:10]} 30. Bf6 {[%clk 0:03:14]}
Bd5+ {[%clk 0:04:29]} 31. Kg1 {[%clk 0:03:37]} Rxe2 {[%clk 0:04:43]} 32. Bxe2
{[%clk 0:04:04]} Bg7 {[%clk 0:05:03]} 33. Be7 {[%clk 0:04:21]} Bf8 {[%clk
0:05:26]} 34. Bf6 {[%clk 0:04:45]} Be4 {[%clk 0:04:47]} 35. Kf2 {[%clk 0:04:38]}
d5 {[%clk 0:03:12]} 36. Ke3 {[%clk 0:04:46]} Bd6 {[%clk 0:01:40]} 37. b4 {[%clk
0:03:24]} c5 {[%clk 0:01:37]} 38. bxc5 {[%clk 0:03:53]} Bxc5+ {[%clk 0:02:02]}
39. Bd4 {[%clk 0:04:20]} Bxd4+ {[%clk 0:01:56]} 40. Kxd4 {[%clk 0:34:48]} Bg2
{[%clk 0:31:29]} 41. h4 {[%clk 0:32:23]} Kf8 {[%clk 0:31:01]} 42. Ba6 {[%clk
0:30:41]} Ke7 {[%clk 0:29:55]} 43. Bb7 {[%clk 0:31:07]} Kd6 {[%clk 0:29:03]} 44.
Ba6 {[%clk 0:22:59]} Bh3 {[%clk 0:28:09]} 45. c4 {[%clk 0:22:18]} dxc4 {[%clk
0:27:08]} 46. Bxc4 {[%clk 0:22:40]} Be6 {[%clk 0:27:32]} 47. Be2 {[%clk 0:22:56]}
a5 {[%clk 0:22:56]} 48. Bd1 {[%clk 0:21:34]} Bd7 {[%clk 0:19:00]} 49. Bb3 {[%clk
0:21:09]} f6 {[%clk 0:11:18]} 50. Bg8 {[%clk 0:19:56]} h6 {[%clk 0:11:03]} 51.
Bh7 {[%clk 0:18:02]} Be8 {[%clk 0:09:12]} 52. g4 {[%clk 0:16:41]} g5 {[%clk
0:07:13]} 53. fxg5 {[%clk 0:12:43]} fxg5 {[%clk 0:07:37]} 54. hxg5 {[%clk
0:12:38]} hxg5 {[%clk 0:07:58]} 55. Bc2 {[%clk 0:08:47]} Bd7 {[%clk 0:08:12]} 56.
Bd1 {[%clk 0:09:10]} a4 {[%clk 0:08:22]} 57. Kc3 {[%clk 0:08:39]} Kc5 {[%clk
0:04:20]} 58. Kb2 {[%clk 0:08:58]} Kb4 {[%clk 0:04:45]} 59. Be2 {[%clk 0:08:39]}
Be6 {[%clk 0:04:58]} 60. Bf3 {[%clk 0:08:51]} a3+ {[%clk 0:04:53]} 61. Ka1 {[%clk
0:09:16]} Kc3 {[%clk 0:05:10]} 62. Bd1 {[%clk 0:09:26]} Kd3 {[%clk 0:05:30]} 63.
Ba4 {[%clk 0:09:32]} Ke3 {[%clk 0:05:35]} 64. Be8 {[%clk 0:09:16]} Kf4 {[%clk
0:05:50]} 65. Bh5 {[%clk 0:09:33]} Bxg4 {[%clk 0:05:33]} 66. Bf7 {[%clk 0:10:00]}
Ke5 {[%clk 0:05:18]} 67. Be8 {[%clk 0:10:20]} Be6 {[%clk 0:05:42]} 68. Bh5 {[%clk
0:10:44]} Kf4 {[%clk 0:05:49]} 69. Bd1 {[%clk 0:10:49]} Bd5 {[%clk 0:06:14]} 70.
Be2 {[%clk 0:10:11]} Bf3 {[%clk 0:06:31]} 71. Bf1 {[%clk 0:10:33]} g4 {[%clk
0:05:48]} 72. Ka2 {[%clk 0:10:57]} Kg3 {[%clk 0:05:45]} 73. Bd3 {[%clk 0:10:53]}
Kh2 {[%clk 0:05:40]} 74. Kxa3 {[%clk 0:11:00]} g3 {[%clk 0:06:04]} 75. Bf1 {[%clk
0:11:25]} Be2 {[%clk 0:06:28]} 0-1

[Event "Greek Team Championship"]
[Site "chess24.com"]
[Date "2017.07.03"]
[Round "1"]
[White "Athanasopoulos, Theodoros"]
[Black "Spyratos, Nikolaos"]
[Result "0-1"]
[Board "10"]
[WhiteElo "1297"]
[WhiteCountry "GRE"]
[WhiteFideId "25842722"]
[WhiteEloChange "-5"]
[BlackElo "1498"]
[BlackCountry "GRE"]
[BlackFideId "25835351"]
[BlackEloChange "5"]

1. d4 {[%clk 1:30:57]} d5 {[%clk 1:30:48]} 2. Bf4 {[%clk 1:31:16]} Nf6 {[%clk
1:31:04]} 3. Nf3 {[%clk 1:31:27]} c5 {[%clk 1:31:25]} 4. e3 {[%clk 1:31:15]} Nc6
{[%clk 1:30:55]} 5. Bd3 {[%clk 1:31:17]} c4 {[%clk 1:27:57]} 6. Be2 {[%clk
1:31:34]} h6 {[%clk 1:26:39]} 7. Nbd2 {[%clk 1:29:34]} Bf5 {[%clk 1:26:47]} 8.
O-O {[%clk 1:28:05]} e6 {[%clk 1:26:19]} 9. c3 {[%clk 1:24:46]} Bd6 {[%clk
1:22:52]} 10. Bg3 {[%clk 1:22:37]} Bxg3 {[%clk 1:21:53]} 11. hxg3 {[%clk
1:22:58]} O-O {[%clk 1:22:15]} 12. b3 {[%clk 1:21:20]} b5 {[%clk 1:21:12]} 13.
Nh4 {[%clk 1:14:56]} Bh7 {[%clk 1:21:08]} 14. f4 {[%clk 1:12:47]} Ne7 {[%clk
1:16:29]} 15. Nhf3 {[%clk 1:10:59]} Nf5 {[%clk 1:16:23]} 16. Kf2 {[%clk 1:10:47]}
Ng4+ {[%clk 1:13:47]} 17. Kg1 {[%clk 1:10:21]} Ngxe3 {[%clk 1:13:47]} 18. Qc1
{[%clk 1:10:06]} Nxg3 {[%clk 1:08:28]} 19. Rf2 {[%clk 1:09:57]} Ng4 {[%clk
1:08:18]} 20. Ne5 {[%clk 1:03:55]} Qh4 {[%clk 1:07:28]} 0-1

[Event "Greek Team Championship"]
[Site "chess24.com"]
[Date "2017.07.03"]
[Round "1"]
[White "Nedev, Trajko"]
[Black "Mista, Aleksander"]
[Result "1-0"]
[Board "1"]
[WhiteElo "2481"]
[WhiteTitle "GM"]
[WhiteCountry "MKD"]
[WhiteFideId "15000605"]
[WhiteEloChange "7"]
[BlackElo "2605"]
[BlackTitle "GM"]
[BlackCountry "POL"]
[BlackFideId "1110381"]
[BlackEloChange "-7"]

1. e4 {[%clk 1:30:57]} c5 {[%clk 1:30:54]} 2. Nf3 {[%clk 1:31:22]} g6 {[%clk
1:31:15]} 3. d4 {[%clk 1:31:48]} cxd4 {[%clk 1:31:42]} 4. Qxd4 {[%clk 1:32:11]}
Nf6 {[%clk 1:32:08]} 5. e5 {[%clk 1:32:31]} Nc6 {[%clk 1:32:34]} 6. Qa4 {[%clk
1:32:56]} Nd5 {[%clk 1:32:59]} 7. Qb3 {[%clk 1:33:21]} Nc7 {[%clk 1:33:16]} 8.
Nc3 {[%clk 1:33:33]} Ne6 {[%clk 1:31:52]} 9. Be3 {[%clk 1:33:39]} Bg7 {[%clk
1:31:29]} 10. O-O-O {[%clk 1:33:55]} Nxe5 {[%clk 1:20:28]} 11. Nxe5 {[%clk
1:33:11]} Bxe5 {[%clk 1:20:54]} 12. Bc4 {[%clk 1:33:34]} Qa5 {[%clk 1:15:03]} 13.
Nd5 {[%clk 1:20:05]} b5 {[%clk 1:08:52]} 14. Be2 {[%clk 1:20:24]} Bb7 {[%clk
1:07:16]} 15. f4 {[%clk 1:18:17]} Bg7 {[%clk 1:04:39]} 16. Bxb5 {[%clk 1:09:35]}
O-O {[%clk 0:45:01]} 17. Nxe7+ {[%clk 0:51:12]} Kh8 {[%clk 0:45:26]} 18. Qa4
{[%clk 0:51:13]} Qxa4 {[%clk 0:25:06]} 19. Bxa4 {[%clk 0:51:38]} Bxg2 {[%clk
0:18:59]} 20. Rhg1 {[%clk 0:50:52]} Bf3 {[%clk 0:19:20]} 21. Rxd7 {[%clk
0:46:20]} Rfd8 {[%clk 0:19:34]} 22. Rf1 {[%clk 0:39:25]} Be2 {[%clk 0:16:27]} 23.
Re1 {[%clk 0:38:26]} Bg4 {[%clk 0:14:54]} 24. Rxd8+ {[%clk 0:16:31]} Rxd8 {[%clk
0:15:00]} 25. Nc6 {[%clk 0:16:57]} Rd6 {[%clk 0:13:13]} 26. Ne5 {[%clk 0:15:46]}
Bxe5 {[%clk 0:12:36]} 27. fxe5 {[%clk 0:16:14]} Ra6 {[%clk 0:12:36]} 28. b3
{[%clk 0:15:36]} g5 {[%clk 0:09:35]} 29. Kb2 {[%clk 0:13:29]} Nf4 {[%clk
0:08:50]} 30. Bxf4 {[%clk 0:12:04]} gxf4 {[%clk 0:09:15]} 31. Re4 {[%clk
0:12:26]} f5 {[%clk 0:09:36]} 32. Rxf4 {[%clk 0:12:24]} Re6 {[%clk 0:10:02]} 33.
c4 {[%clk 0:09:58]} Rxe5 {[%clk 0:10:28]} 34. b4 {[%clk 0:09:23]} Kg7 {[%clk
0:07:41]} 35. c5 {[%clk 0:09:29]} Kf6 {[%clk 0:08:05]} 36. c6 {[%clk 0:08:44]}
Re7 {[%clk 0:08:20]} 37. Rd4 {[%clk 0:07:01]} Rc7 {[%clk 0:05:41]} 38. b5 {[%clk
0:06:20]} Be2 {[%clk 0:05:36]} 39. Rd2 {[%clk 0:04:17]} Bf1 {[%clk 0:04:08]} 40.
Kc3 {[%clk 0:33:45]} Bh3 {[%clk 0:32:20]} 41. Rd6+ {[%clk 0:29:41]} Ke5 {[%clk
0:30:52]} 42. Rd7 {[%clk 0:29:39]} Rc8 {[%clk 0:31:19]} 43. Rxa7 {[%clk 0:28:18]}
f4 {[%clk 0:30:43]} 44. b6 {[%clk 0:21:56]} f3 {[%clk 0:30:45]} 45. b7 {[%clk
0:21:35]} Rf8 {[%clk 0:31:13]} 46. Ra8 {[%clk 0:21:23]} 1-0